000 01281nam a2200217Ia 4500
003 IT-RoPAU
005 20220918175650.0
008 120407s9999 xx 000 0 und d
040 _aIT-RoPAU
_c20130627160552.0
040 _cIT-RoPAU
041 _aita
100 _aCrespi, Olinto
_9422
100 _cssp
_921
245 _aCristo Via Verità e Vita
_bPrincipio ispiratore della Famiglia Paolina
260 _c1982
_aRoma
_bSSP
300 _a104 p.
300 _c21 cm
520 _aIndice Fonti e Sigle Profilo storico di Don Giacomo Alberione Introduzione Capitolo I - Gesù Maestro Via, Verità e Vita nel Vangelo Capitolo II - Leone XIII e la "Tametsi Futura". Una proposta pastorale ed apostolica per il secolo XX Capitolo III - Gesù Maestro Via Verità e Vita nell'eperienza spirituale del carisma paolino Capitolo IV - Abbozzo di sintesi spirituale e teologica seguendo il trinomio Via-Verità-Vita Capitolo V - Una Famiglia religiosa depositaria di un nuovo carisma Capitolo VI - Riflesso del trinomio Via, Verità e VIta sullo sviluppo della persona Capitolo VII - Elementi di una pedagogia spirituale paolina Capitolo VIII - Gesù Maestro Via, Verità e Vita e la pastorale paolina Conclusione Bibliografia generale Note
942 _cBK
_2ddc
999 _c24121
_d24121